00330nam a2200121Ia 4500008004100000041000800041082001200049100002100061245004500082260004200127300003000169365000900199240624s9999 xx 000 0 und d aeng a332 LEW aLEWITT MICHAEL E aDEATH OF CAPITAL HOW CREATIVE POLICY CAN c2010aNew JerseybJohn Wiley and Sons aix, : 292 : p. : cm. ; 23 cb27